Les plus longs fleuves d'Europe - Statistiques

Statistiques générales
  • Ce quiz a été pris 49 fois
  • Le résultat moyen est 5 sur 10
Statistiques - réponses
Source Embouchure Longueur (km) Nom % Correct
Plateau de Valdaï (Russie) Mer Caspienne 3530 km Volga
98%
Forêt Noire (Allemagne) Mer Noire 2850 km Danube
95%
Alpes suisses (Grisons) Mer du Nord 1233 km Rhin
83%
Monts Oural (Russie) Mer Caspienne 2428 km Oural
51%
Plaine de Russie centrale Mer d'Azov 1870 km Don
44%
Russie Mer Noire 2290 km Dniepr
39%
Monts des Géants (Rép. Tchèque) Mer du Nord 1094 km Elbe
39%
Oural (Russie) *Nom du premier Fleuve* 1805 km Kama
7%
Confluence - Sukhona/Youg (Russie) Mer Blanche 1302 km Dvina septentrionale
5%
Monts Oural (Russie) Mer des Barents 1809 km Petchora
5%
Aucun quiz correspondant
Distribution des résultats
% des personnes avec chaque résultat
Percentile par nombre de réponses
Votre historique - résultats
Vous n’avez pas pris ce quiz